[Event "18th Reykjavik op"]
[Site "Reykjavik ISL"]
[Date "1998.03.16"]
[Round "7.10"]
[White "Gallagher, Joseph"]
[Black "Gunnarsson, Jon Viktor"]
[Result "1/2-1/2"]
[WhiteElo "2490"]
[BlackElo "2390"]
[EventDate "1998.03.10"]
[PlyCount "45"]

1.e4 e5 2.Nf3 Nf6 3.Nc3 Bb4 4.Nxe5 O-O 5.Be2 Re8 6.Nd3 Bxc3 7.dxc3 Nxe4 8.
Nf4 c6 9.c4 Na6 10.O-O d6 11.Be3 Bf5 12.Re1 Nac5 13.Bf1 a5 14.f3 Nf6 15.
Qd2 Ne6 16.g4 Bg6 17.Nxg6 hxg6 18.Rad1 d5 19.g5 d4 20.Bxd4 Nxd4 21.Rxe8+ 
Nxe8 22.Qxd4 Qxg5+ 23.Bg2 1/2-1/2

[Event "18th Reykjavik op"]
[Site "Reykjavik ISL"]
[Date "1998.03.16"]
[Round "7.11"]
[White "Gausel, Einar"]
[Black "Sokolov, Ivan"]
[Result "0-1"]
[WhiteElo "2555"]
[BlackElo "2625"]
[EventDate "1998.03.10"]
[PlyCount "82"]

1.d4 Nf6 2.Nf3 g6 3.c4 Bg7 4.Nc3 d5 5.Bf4 O-O 6.e3 c5 7.dxc5 Qa5 8.Rc1 Be6
9.Nd4 Nc6 10.Nb3 Qd8 11.cxd5 Nxd5 12.Nxd5 Bxd5 13.Rc2 e6 14.Bd6 Re8 15.Rd2
a5 16.f3 Bh6 17.Kf2 Qh4+ 18.g3 Qf6 19.Bg2 a4 20.Nd4 Na5 21.f4 Bxg2 22.Kxg2
Nc4 23.Re2 e5 24.fxe5 Qg5 25.Rhe1 Nxe5 26.Nf3 Nxf3 27.Kxf3 Qf5+ 28.Kg2 Re4
29.Rf2 Qe6 30.Bf4 Bg7 31.Rd2 Qxa2 32.Ree2 h6 33.Qc2 Rae8 34.Qd3 Qe6 35.Qb5
g5 36.Bd6 Rxe3 37.Rxe3 Qxe3 38.Rf2 Bd4 39.Rc2 Qe4+ 40.Kh3 g4+ 41.Kh4 Bf6+ 
0-1

[Event "18th Reykjavik op"]
[Site "Reykjavik ISL"]
[Date "1998.03.16"]
[Round "7.12"]
[White "Nijboer, Friso"]
[Black "Ivanov, Mikhail M."]
[Result "0-1"]
[WhiteElo "2580"]
[BlackElo "2440"]
[EventDate "1998.03.10"]
[PlyCount "92"]

1.e4 c5 2.Nf3 e6 3.d3 Nc6 4.g3 d5 5.Qe2 Nf6 6.Bg2 dxe4 ( 6...Be7 7.O-O O-O
( 7...b6 ) 8.e5 Ne8 $5 ) 7.dxe4 e5 8.O-O Bg4 9.c3 $14 {[%csl Rd5]} 9...Qc8
( 9...Be7 10.h3 ( 10.Bg5 O-O 11.Nbd2 Nd7 12.Be3 Kh8 13.h3 Bh5 14.Rad1 Qc7 
15.Rfe1 a6 $11 {Ranniku,M-Jahn,C/Manila olw 1992/TD 92\07/E-E (58)} ) 
10...Bd7 11.Na3 Qc7 12.Nc4 h6 13.Ne3 Be6 14.Nh4 O-O-O 15.Nef5 Bf8 16.b3 
$14 {0-1 Zhang Zhong-Wang Lei/Beijing 1997 (52)} ) 10.Nbd2 Be7 11.Nc4 O-O 
12.Qc2 ( 12.Bg5 $5 Qe6 13.Bxf6 Bxf6 14.Ne3 $14 {[%csl Yd5,Rf6]} ) 12...Bh3
13.Bxh3 Qxh3 14.Nfxe5 ( 14.Bg5 $5 Qe6 15.Bxf6 Qxf6 16.Kg2 $14 ) 14...Nxe5 
15.Nxe5 Qe6 16.Nd3 ( 16.Nf3 Qxe4 ( 16...Nxe4 17.Re1 f5 18.Nd2 $16 ) 17.
Qxe4 Nxe4 18.Re1 f5 19.Nd2 Nxd2 ( 19...Rad8 20.Nxe4 fxe4 21.Kf1 {[%csl 
Re4]} ) 20.Rxe7 Rad8 21.Rxb7 Rf7 $14 ) 16...c4 {It was possible to take 
pawn immediately} ( 16...Nxe4 $5 {and it looks, that Black is OK in all 
variations, for example} 17.Re1 ( 17.Nf4 Qf5 {[%cal Re4g3]} ) 17...Qf5 $1 
( 17...f5 18.f3 c4 19.Nf2 Bc5 20.fxe4 fxe4 21.Be3 $18 ) 18.f3 ( 18.Nf4 
Nxg3 $1 19.Qa4 ( 19.Qb3 Ne4 20.Qxb7 Nd6 21.Qd5 Rae8 $11 ) 19...b5 $1 20.
Qxb5 Ne4 21.Qd3 Qg4+ 22.Ng2 ( 22.Kf1 Nxf2 $1 23.Qe2 Rae8 $1 $17 {[%cal 
Ge7h4]} ) 22...Ng5 $1 23.Rxe7 Rad8 24.Qg3 ( 24.Qf1 Rd1 25.Re1 $140 $2 Rxe1
26.Qxe1 Nf3+ $19 ) 24...Nf3+ 25.Kh1 ( 25.Kf1 Qc4+ 26.Re2 Rd1+ $19 ) 25...
Rd1+ 26.Ne1 Qc4 $1 $19 {[%cal Rc4f1]} ) 18...Ng5 19.Rxe7 Nxf3+ 20.Kg2 ( 
20.Kh1 $2 Ne5 $1 21.Qf2 Qe4+ 22.Kg1 Nf3+ ) 20...Rae8 21.Rxe8 Rxe8 {[%cal 
Rf5d3,Rf3e1]} 22.Bf4 Qd5 23.Kf2 Nxh2 $13 ) 17.Nf4 Qxe4 18.Qxe4 Nxe4 19.Re1
f5 20.f3 Bc5+ ( 20...g5 21.Ne6 ) 21.Kg2 ( 21.Be3 Bxe3+ 22.Rxe3 Nc5 23.Rae1
$14 ) 21...Nf6 ( 21...Ng5 22.h4 Nf7 23.Ne6 Rfe8 24.Bf4 Bb6 25.Rad1 $36 {
[%csl Gd1,Ge1,Ge6,Gf4]} ) 22.Ne6 Rfe8 $5 ( 22...Rfc8 23.Bg5 Kf7 24.Rad1 
$16 ) 23.Bg5 Bb6 24.Bxf6 gxf6 {[%csl Gb6,Rf5,Rf6] White is fine, because 
of weak blacks pawns, but I am not sure, that the can pretend for real 
advantage- bishop on b6 is very strong.I suppose draw must to be normal 
result in this game, but Nijboer pushed too hard and....} 25.Nf4 Rxe1 26.
Rxe1 Rd8 {[%cal Gd8d1]} 27.b3 ( 27.Re7 $5 Rd2+ 28.Kf1 Rxb2 29.Nd5 ) 27...
cxb3 28.axb3 Kf7 29.c4 $6 ( 29.Re2 $11 ) 29...Rd2+ 30.Kh3 $6 {[%csl Rh3]} 
( 30.Re2 $5 Rxe2+ ( 30...Be3 31.Rxd2 Bxd2 32.Nd5 Ke6 33.Kf2 $14 ) ( 30...
Rd1 $5 ) 31.Nxe2 Ke6 $11 ) 30...a5 $1 {[%csl Rb3]} 31.Re2 Rd1 ( 31...Rxe2 
32.Nxe2 Ke6 {[%cal Ge6b4]} ) 32.Rc2 Bc5 33.Rc3 b6 34.Rd3 $5 Rb1 35.g4 ( 
35.Kh4 $5 ) 35...fxg4+ 36.Kxg4 Rg1+ 37.Kh3 ( 37.Kf5 $4 Rg5+ 38.Ke4 Re5# ) 
37...f5 38.Rd7+ Kf6 39.Nd5+ ( 39.Rxh7 Rb1 ) 39...Ke5 40.Rxh7 ( 40.f4+ Ke4 
( 40...Kd4 $4 41.Nxb6+ Kc3 42.Na4+ $18 ) 41.Rxh7 Kd3 $5 $19 {[%cal 
Gd3b3,Ga5a1]} ) 40...Rb1 41.f4+ Kd4 $19 {Black is winning already, bishop 
is much better than knight and there king much more active than hus white 
colleague..} 42.Kh4 Rxb3 43.Ne7 Kxc4 44.Nxf5 a4 45.Kg4 a3 46.Ra7 Rb5 {
[%cal Rb5a5]} 0-1

[Event "18th Reykjavik op"]
[Site "Reykjavik ISL"]
[Date "1998.03.16"]
[Round "7.13"]
[White "Hector, Jonny"]
[Black "Richardson, John"]
[Result "1-0"]
[WhiteElo "2505"]
[BlackElo "2315"]
[EventDate "1998.03.10"]
[PlyCount "121"]

1.e4 c6 2.d4 d5 3.Nd2 dxe4 4.Nxe4 Nd7 5.Ng5 Ngf6 6.Bd3 e6 7.N1f3 Bd6 8.Qe2
h6 9.Ne4 Nxe4 10.Qxe4 Nf6 11.Qh4 Ke7 12.Ne5 Bxe5 13.dxe5 Qa5+ 14.c3 Qxe5+ 
15.Be3 b6 16.O-O-O Bb7 17.Rhe1 c5 18.f4 Qh5 19.Qf2 Rhe8 20.Be2 Qf5 21.g4 
Nxg4 22.Bxg4 Qxg4 23.Bxc5+ bxc5 24.Qxc5+ Kf6 25.Qd4+ Ke7 26.Qb4+ Kf6 27.
Rd7 Bg2 28.Rg1 Qf3 29.Qd4+ e5 30.Qd6+ Re6 31.fxe5+ Kg6 32.Qd2 Rxe5 33.
Rxg2+ Rg5 34.Rf2 Qh1+ 35.Kc2 f5 36.Qd4 Kh7 37.Rxf5 Qxh2+ 38.Rf2 Qh5 39.
Qd3+ Qg6 40.c4 h5 41.b4 h4 42.Rf3 Rh5 43.Rh3 Qxd3+ 44.Kxd3 Kh6 45.c5 g5 
46.Rd6+ Kg7 47.Rd4 Rhh8 48.b5 Kg6 49.c6 Kh5 50.Re3 Rad8 51.Rxd8 Rxd8+ 52.
Ke2 Kg4 53.c7 Rc8 54.Rc3 Kf5 55.Rc6 Ke5 56.a4 Kd5 57.Kf3 h3 58.Kg3 g4 59.
Kh2 a6 60.Kg3 axb5 61.axb5 1-0

[Event "18th Reykjavik op"]
[Site "Reykjavik ISL"]
[Date "1998.03.16"]
[Round "7.14"]
[White "Halldorsson, Bragi"]
[Black "Kindermann, Stefan"]
[Result "0-1"]
[WhiteElo "2285"]
[BlackElo "2565"]
[EventDate "1998.03.10"]
[PlyCount "76"]

1.d4 Nf6 2.c4 g6 3.Nc3 Bg7 4.e4 d6 5.Be2 O-O 6.Nf3 e5 7.O-O Nc6 8.d5 Ne7 
9.Re1 a5 10.b3 Ne8 11.a3 f5 12.Ng5 c6 13.c5 h6 14.cxd6 Nxd6 15.Ne6 Bxe6 
16.dxe6 Qc7 17.Qc2 Qc8 18.Be3 Qxe6 19.Rad1 Kh7 20.Bc5 Nec8 21.exf5 gxf5 
22.Bc4 Qg6 23.Na4 Rd8 24.Nb6 Nxb6 25.Bxb6 Re8 26.Rxd6 Qxd6 27.Qxf5+ Qg6 
28.Qd7 Qf6 29.Bd3+ Kh8 30.Be4 Qe6 31.Qd3 a4 32.bxa4 Rxa4 33.Bf5 Rxa3 34.
Qe4 Qd5 35.Qe2 Rea8 36.Be3 Ra1 37.h4 Rxe1+ 38.Qxe1 e4 0-1

[Event "18th Reykjavik op"]
[Site "Reykjavik ISL"]
[Date "1998.03.16"]
[Round "7.15"]
[White "Djurhuus, Rune"]
[Black "Bjornsson, Bjorn Freyr"]
[Result "1/2-1/2"]
[WhiteElo "2510"]
[BlackElo "2240"]
[EventDate "1998.03.10"]
[PlyCount "123"]

1.Nf3 Nf6 2.c4 e6 3.Nc3 d5 4.d4 Nbd7 5.Bf4 c6 6.e3 Be7 7.Bd3 O-O 8.Qc2 
dxc4 9.Bxc4 Nb6 10.Bb3 c5 11.dxc5 Bxc5 12.O-O Bd7 13.Ne5 Rc8 14.Rfd1 Qe7 
15.Bg5 Bb4 16.Rd4 Bxc3 17.bxc3 Rc5 18.Bxf6 gxf6 19.Nxd7 Nxd7 20.Rad1 Rc7 
21.Rg4+ Kh8 22.Rdd4 f5 23.Rg3 Rfc8 24.e4 f4 25.Rf3 Qg5 26.Qd2 Ne5 27.Rxf4 
Rxc3 28.h4 Qh6 29.Rd8+ Rxd8 30.Qxd8+ Kg7 31.g3 Rf3 32.Rxf3 Nxf3+ 33.Kg2 
Qd2 34.Qxd2 Nxd2 35.Bc2 e5 36.f4 Nc4 37.Bb3 Nd6 38.fxe5 Nxe4 39.Bc2 Nc3 
40.a3 Ne2 41.Be4 b6 42.Kf3 Nd4+ 43.Ke3 Ne6 44.Bf5 Nc7 45.Bd3 h6 46.Ke4 Kf8
47.g4 Ke7 48.Kf5 b5 49.g5 hxg5 50.h5 a5 51.h6 Kf8 52.Kxg5 b4 53.axb4 axb4 
54.Bc4 Kg8 55.Bb3 Ne6+ 56.Kf6 Kh7 57.Kxf7 Nd4 58.e6 Nxe6 59.Kxe6 Kxh6 60.
Kd5 Kg5 61.Kc4 Kf4 62.Kxb4 1/2-1/2

[Event "18th Reykjavik op"]
[Site "Reykjavik ISL"]
[Date "1998.03.16"]
[Round "7.16"]
[White "Fridjonsson, Julius"]
[Black "Mortensen, Erling"]
[Result "0-1"]
[WhiteElo "2215"]
[BlackElo "2510"]
[EventDate "1998.03.10"]
[PlyCount "70"]

1.c4 Nf6 2.g3 g6 3.Bg2 Bg7 4.Nc3 O-O 5.Nf3 d6 6.O-O c6 7.d4 Qa5 8.e4 e5 9.
h3 Nbd7 10.Re1 exd4 11.Nxd4 Ne5 12.Bf1 Re8 13.Rb1 c5 14.Nf3 ( 14.Ndb5 $5 
a6 ( 14...Rd8 15.a3 $5 ( 15.f4 Nc6 16.Nxd6 Ne8 17.e5 Bf5 $17 ) 15...a6 16.
b4 Qb6 17.Na4 Qc6 18.Nbc3 cxb4 ( 18...Be6 19.Nd5 $16 ) 19.Rxb4 $36 {[%cal 
Ga4b6]} ) ( 14...Be6 15.Nxd6 Red8 16.Bf4 Nh5 ( 16...Rxd6 17.Qxd6 Nf3+ 18.
Kg2 Nxe1+ 19.Rxe1 Rd8 20.Qc7 Qxc7 21.Bxc7 Rd2 22.Be5 $16 ) 17.Bxe5 Bxe5 
18.Nxb7 Rxd1 19.Nxa5 $16 ) 15.Nxd6 Rd8 {[%cal Yd8d1]} 16.Re2 $1 {[%cal 
Ge2d2,Gd2d8]} ( 16.f4 Rxd6 17.Qxd6 Nf3+ $17 18.Kf2 $140 Nxe1 19.Kxe1 Nxe4 
$17 ) ( 16.Bg5 Rxd6 17.Qxd6 Nf3+ 18.Kh1 Nxg5 ) 16...Nf3+ ( 16...Ne8 17.Rd2
Nxd6 18.Rxd6 Be6 19.Rxd8+ ( 19.Be3 Nxc4 20.Bxc4 Bxc4 21.Bxc5 Rxd6 22.Bxd6 
Rd8 $36 {The black have very strong compensation for sacrificing pawn.} ) 
19...Rxd8 20.Nd5 Bxd5 ( 20...Qxa2 $4 21.Ne7+ $18 ) 21.cxd5 Qxa2 22.Bg5 $14
) ( 16...b5 17.Rd2 Be6 ( 17...b4 18.Na4 ) 18.f4 Nxc4 19.Nxc4 bxc4 20.e5 
Rxd2 21.Bxd2 $16 ) 17.Kg2 ( 17.Kh1 Bf8 $1 ( 17...Ne8 18.Rc2 ) ( 17...Nd4 
18.Nxc8 $1 Nxe2 $140 19.Ne7+ Kf8 20.Qxe2 Kxe7 21.e5 $18 ) ( 17...Qc7 18.
Bf4 g5 19.e5 gxf4 20.exf6 Qc6 ( 20...Bxf6 21.Re8+ Kg7 22.Nce4 $16 ) 21.Re4
Ng5 22.Nd5 Qxd6 23.Ne7+ Kh8 24.fxg7+ Kxg7 25.Qxd6 Rxd6 26.Re5 $1 Kf6 27.
gxf4 $16 ) 18.Bf4 ( 18.e5 Nxe5 $17 ) ( 18.Rc2 Nd4 19.b4 Qc7 $17 ) 18...Nd4
( 18...Nh5 19.Re3 Nxf4 20.Qxf3 Bxd6 21.gxf4 $16 ) ( 18...g5 19.Qd3 ( 19.
Nd5 Nxd5 20.exd5 ( 20.Qxd5 Be6 $19 ) ) 19...gxf4 20.Qxf3 Bxd6 21.e5 $16 ) 
19.Rd2 ( 19.Re1 Ne6 $1 ) 19...Bxd6 20.Bxd6 Rxd6 21.e5 Rc6 22.exf6 Bf5 23.
Rc1 Rxf6 $11 ) 17...Ne8 ( 17...Bxh3+ 18.Kxh3 Ng1+ 19.Kg2 Nxe2 20.Bxe2 $16 
) ( 17...Bf8 18.Kxf3 Rxd6 19.Bd2 $16 ( 19.Rd2 ) ) 18.Kxf3 Nxd6 ( 18...Rxd6
19.Qa4 Qxa4 20.Nxa4 $16 ) 19.Bg5 $16 ) 14...Nxf3+ 15.Qxf3 Nd7 {[%cal 
Yd7e5,Ye5c6,Yc6d4]} 16.Bd2 {[%cal Gd2a5]} ( 16.Bf4 Ne5 17.Qd1 Be6 $36 ) 
16...Ne5 17.Qd1 Be6 18.b3 a6 $132 {[%cal Yb7b5]} 19.Re3 Rab8 20.Kh2 {[%cal
Gc3d5]} ( 20.Nd5 $2 Qxa2 21.Ra1 $140 $4 Qxa1 $19 ) 20...Nc6 21.Rd3 Qd8 ( 
21...Nb4 $1 22.Nd5 ( 22.Rxd6 Be5 $17 ) 22...Qxa2 ( 22...Bxd5 23.Bxb4 cxb4 
( 23...Qxb4 24.Rxd5 Rxe4 25.Rxd6 Rd4 26.Rxd4 Bxd4 27.Qe2 $11 ) 24.Rxd5 
Qxa2 25.Rd2 Qa5 26.Bg2 Rbd8 27.Rxd6 Qc7 28.Rd5 $11 ) 23.Nxb4 cxb4 {[%cal 
Ya2f2]} 24.Bg2 {[%cal Gd2b4,Gb4d6]} 24...a5 ( 24...b5 25.cxb5 Rxb5 26.Rxd6
a5 $36 ) 25.Be3 a4 26.bxa4 Bxc4 27.Rd2 Qa3 28.Rxd6 b3 $17 ) 22.Be3 Qa5 23.
Bd2 Qc7 24.Bf4 Ne5 $6 ( 24...Nd4 {[%cal Yb7b5]} 25.Nd5 Bxd5 26.exd5 b5 27.
Re3 $11 ) 25.Rxd6 ( 25.Rd2 Qa5 26.Nd5 b5 $36 ) 25...Qa5 26.Bd2 $2 ( 26.Na4
$1 Rbd8 27.Bg2 $16 ) 26...Rbd8 $44 27.Rxd8 ( 27.Na4 Qc7 28.Rxd8 Rxd8 29.
Be2 Bc8 $1 $36 {[%cal Yc7d7,Yd7h3,Yd7d2]} ( 29...b5 $5 30.cxb5 axb5 31.Nc3
b4 ( 31...Ng4+ $140 32.hxg4 Bxc3 33.Bxc3 Rxd1 34.Rxd1 $16 ) 32.Nb5 Qb6 $44
{[%cal Yc5c4,Ye5d3]} ) 30.Qe1 Qd7 31.Be3 Qxh3+ 32.Kg1 Ng4 $17 ) 27...Rxd8 
{[%cal Yd8d2,Ye5f3,Yf3d2,Yf3h2]} 28.Be2 Nc6 $2 ( 28...Nxc4 $1 29.Bxc4 Bxc3
$19 ) 29.Nd5 Qxa2 $36 {[%csl Rb1,Rb3][%cal Yc6d4,Ya2f2]} 30.Qc1 $2 ( 30.
Bg5 Rd7 31.Be3 Nd4 32.Bf1 b5 $15 ( 32...f5 $5 ) ) 30...f5 $1 $17 {/-+} 31.
Bd1 ( 31.Be3 fxe4 ( 31...Qxe2 $140 32.Nf4 ) ( 31...Nd4 32.Bd1 b5 $36 ( 
32...fxe4 33.Nc3 ) ) 32.Nf4 Bf5 33.Bxc5 e3 $19 ) 31...fxe4 $19 32.Bg4 Bxg4
33.hxg4 Ne5 34.Kg2 Nxg4 35.Qd1 h5 0-1

[Event "18th Reykjavik op"]
[Site "Reykjavik ISL"]
[Date "1998.03.16"]
[Round "7.17"]
[White "Gunnarsson, Arinbjorn"]
[Black "Vidarsson, Jon"]
[Result "0-1"]
[WhiteElo "2240"]
[BlackElo "2380"]
[EventDate "1998.03.10"]
[PlyCount "72"]

1.f4 c5 2.Nf3 b6 3.e3 Bb7 4.Be2 Nf6 5.O-O g6 6.d3 Bg7 7.a4 O-O 8.Na3 Nc6 
9.c3 d5 10.Bd2 Rc8 11.Qe1 Na5 12.b4 Nb3 13.Rb1 Nxd2 14.Qxd2 c4 15.d4 Bc6 
16.Qd1 Ne4 17.Rc1 a6 18.Qc2 Qd7 19.Bd1 f6 20.Ra1 Qe8 21.Nb1 e5 22.a5 b5 
23.Nbd2 Nd6 24.Kh1 Rc7 25.Qc1 exf4 26.exf4 Re7 27.Bc2 Bh6 28.g3 Qd7 29.Nh4
Qh3 30.Ndf3 Ne4 31.Bxe4 dxe4 32.Ng1 e3+ 33.Nhf3 Qh5 34.Kg2 g5 35.h3 gxf4 
36.g4 Rg7 0-1

[Event "18th Reykjavik op"]
[Site "Reykjavik ISL"]
[Date "1998.03.16"]
[Round "7.18"]
[White "Bradbury, Neil"]
[Black "Bjornsson, Tomas"]
[Result "0-1"]
[WhiteElo "2360"]
[BlackElo "2235"]
[EventDate "1998.03.10"]
[PlyCount "90"]

1.d4 Nf6 2.c4 e5 3.dxe5 Ng4 4.Bf4 {Eine augenscheinlich materialistische 
Variante womit Wei@ droht seinen Bauer zu behalten. Weil dies meistens 
doch nicht m@ht glich ist, ergibt sich die Frage ob der Laeuferausfall 
nicht lauter ein Tempoverlust bedeutet. Eine ruhige, positionelle 
Alternative ist die blo@native e Entwicklung mit i f3, e3, ie2 usw.} 4...
Nc6 5.Nf3 Bb4+ 6.Nbd2 Qe7 7.a3 Ngxe5 8.Nxe5 Nxe5 9.e3 {Die Theorie 
beschaeftigt sich nur mit diesem Zug um das drohende matt durch i d3 zu 
entgehen. Mit derselben Idee habe ich frueher in mehreren Blitzpartien und
einigen Turnierpartien i c2 gespielt:} ( 9.Qc2 Bxd2+ 10.Bxd2 {
Wei@,Ge4h7,Rg4g5] nimmt mit dem Laeufer um bald den i e5 mit f4 zu 
vertreiben.} 10...d6 11.e3 b6 12.Be2 Bb7 13.O-O O-O 14.Rae1 a5 15.e4 a4 
16.f4 Nd7 17.Bf3 Rfe8 18.Kh1 $6 ( 18.Bb4 $14 ) 18...Nc5 19.e5 Bxf3 20.Rxf3
dxe5 21.fxe5 $6 {Weil Wei@eiben. spaeter an der Schwaeche des Isolani e5 
zugrunde geht, erscheint i xe5 klar besser.} 21...Qe6 22.Ref1 Qg6 $5 23.
Qxg6 fxg6 24.Re3 Rad8 25.Bc3 {und nach dem folgenden Zug mindestens = fuer
Schwarz.} 25...Ne6 {Meulders,R-Castro,O/Novi Sad olm 1990/TD 90\06/0-1 
(47)} ) 9...Bxd2+ 10.Qxd2 d6 11.Qc3 f6 12.Be2 O-O 13.O-O a5 14.Bg3 a4 15.
Rfe1 b6 16.f4 Nd7 17.Bf3 Ra5 18.Bd5+ ( 18.e4 $14 ) 18...Kh8 19.e4 Rc5 20.
Bf2 Ra5 21.Rad1 Ba6 22.Bd4 Rc8 23.Qh3 Rf8 ( 23...c6 24.Be6 ) 24.Rc1 Bc8 
25.Qg3 Ra7 26.h3 Re8 27.Re3 Bb7 28.Rce1 Rf8 ( 28...c6 29.e5 fxe5 30.fxe5 
dxe5 31.Rxe5 Nxe5 32.Rxe5 $18 ) 29.Kh2 $4 {Jetzt aber war der id5 
gefaehrdet.} ( 29.Bxb7 $1 Rxb7 30.Kh2 $14 ) 29...c6 $19 30.e5 dxe5 31.Qh4 
( 31.Bf3 Qd6 $1 $19 ) 31...Qd6 $1 32.Be4 f5 33.Bxf5 {Es macht nichts mehr 
aus.} 33...Rxf5 34.fxe5 Qe6 35.Bc3 Ra8 36.Rd3 Re8 37.Rd6 Qe7 38.Qg3 Nf8 
39.e6 Rg5 40.Qd3 c5 41.g3 Bc8 42.h4 Rg6 43.h5 Rh6 44.Re5 Bxe6 45.Rxb6 Qf7 
0-1

[Event "18th Reykjavik op"]
[Site "Reykjavik ISL"]
[Date "1998.03.16"]
[Round "7.19"]
[White "Palsson, Halldor"]
[Black "Olsen, Heini"]
[Result "0-1"]
[WhiteElo "2145"]
[BlackElo "2270"]
[EventDate "1998.03.10"]
[PlyCount "158"]

1.d4 Nf6 2.c4 g6 3.Nc3 Bg7 4.e4 d6 5.f4 O-O 6.Nf3 c5 7.d5 e6 8.dxe6 Bxe6 
9.Bd3 Bg4 10.O-O Nc6 11.Be3 Re8 12.h3 Bxf3 13.Qxf3 Nd7 14.Nd5 Nd4 15.Qf2 
Nb6 16.f5 Nxd5 17.fxg6 Nf6 18.Bg5 fxg6 19.Bxf6 Qxf6 20.Qxf6 Bxf6 21.Rxf6 
Rad8 22.Raf1 Rf8 23.Rxf8+ Rxf8 24.Rxf8+ Kxf8 25.Kf2 Ke7 26.Ke3 Nc6 27.Kf4 
Kf6 28.h4 Nd4 29.g3 Ne6+ 30.Kf3 Ke5 31.Ke3 Nd4 32.Bb1 a6 33.Bd3 Nc6 34.Be2
Nb4 35.a3 Nc2+ 36.Kd2 Nd4 37.Bd3 Nc6 38.Ke3 Kf6 39.Kf4 Ne5 40.Be2 h6 41.
Ke3 g5 42.hxg5+ hxg5 43.Kd2 Nc6 44.Kd3 Ne7 45.Ke3 Ng8 46.Bg4 b6 47.Bc8 a5 
48.Kf3 Nh6 49.Bb7 Ke5 50.Ke3 Ng8 51.Bc8 Nh6 52.Bd7 Ng8 53.Bc8 Nf6 54.Bf5 
Nh5 55.Kf3 Nf6 56.Ke3 Ng8 57.Bc8 Nh6 58.Bd7 Ng8 59.Bc8 Nf6 60.Bf5 Ne8 61.
Bd7 Nf6 62.Bf5 Ng8 63.Bc8 Ne7 64.Bd7 Kf6 65.Be8 Ng8 66.Bd7 Nh6 67.Bc8 Nf7 
68.Bh3 Ne5 69.Bf1 Ng4+ 70.Kd3 Ke5 71.Bg2 Nf2+ 72.Ke3 Nd1+ 73.Kd2 Nxb2 74.
Kc3 Nd1+ 75.Kd2 Nf2 76.Ke3 Ng4+ 77.Kd3 Nf6 78.Bf3 g4 79.Bd1 Nxe4 0-1

[Event "18th Reykjavik op"]
[Site "Reykjavik ISL"]
[Date "1998.03.16"]
[Round "7.20"]
[White "Einarsson, Einar Kristinn"]
[Black "Karason, Askell Oern"]
[Result "1/2-1/2"]
[WhiteElo "2085"]
[BlackElo "2260"]
[EventDate "1998.03.10"]
[PlyCount "130"]

1.d4 d6 2.e4 Nf6 3.Nc3 g6 4.Be2 Bg7 5.g4 $5 d5 $1 6.e5 Ne4 $5 7.Nxe4 ( 7.
f4 $5 ) 7...dxe4 8.Be3 c5 9.c3 cxd4 10.cxd4 Nc6 11.Qd2 ( 11.Nh3 $1 h5 ( 
11...O-O 12.Ng5 Qd5 13.Qb3 Qxb3 14.axb3 Nb4 15.O-O-O Nd3+ 16.Kc2 f6 17.
Nxe4 Nb4+ $13 ) 12.Nf4 Bxg4 13.Bxg4 hxg4 14.e6 Nxd4 15.exf7+ Kxf7 16.Bxd4 
Qxd4 17.Qb3+ Ke8 $13 ) 11...Be6 12.Nh3 ( 12.Rd1 Bxa2 13.d5 Nxe5 14.Bb5+ 
Kf8 ) 12...Qd7 ( 12...h5 13.Nf4 ( 13.Ng5 Bxg4 14.Bxg4 hxg4 15.e6 Qd5 16.
exf7+ Kf8 17.Rc1 $13 ) 13...Bxg4 14.e6 $13 ) 13.Nf4 $5 ( 13.Rg1 Rd8 14.Nf4
Nxd4 15.Bxd4 Qxd4 16.Bb5+ Kf8 17.Nxe6+ fxe6 18.Qxd4 Rxd4 $15 ) 13...Bxg4 
14.e6 Bxe6 15.d5 Bxd5 16.Nxd5 e6 ( 16...Rd8 17.Rd1 ) ( 16...O-O-O 17.O-O-O
) 17.Nc3 Qxd2+ 18.Kxd2 O-O-O+ 19.Kc2 f5 $13 ( 19...Nd4+ $5 20.Bxd4 Rxd4 
21.Nb5 ( 21.Rad1 f5 $15 ) 21...Rb4 22.Rab1 Kb8 23.Nd6 f5 24.a3 Rb6 25.Nc4 
Rc8 26.Rhd1 $132 ) 20.Bc4 e5 ( 20...Rhe8 21.Rad1 Nd4+ 22.Kb1 a6 $13 ) 21.
Rad1 Nd4+ 22.Kb1 a6 $14 ( 22...Kb8 23.h4 ) 23.a3 Rd6 24.h4 $1 Bf6 25.h5 b5
26.Ba2 Rhd8 $5 ( 26...g5 27.h6 Rhd8 28.Rh5 Nf3 29.Rxd6 Rxd6 30.Bg8 ) 27.
hxg6 hxg6 28.Bf7 g5 29.Bg6 $16 Kb8 30.Rdg1 $2 ( 30.Rh5 $16 ) 30...Rg8 31.
Bf7 Rg7 32.Rh8+ $5 ( 32.Bd5 Ne2 $2 ( 32...Rgd7 $13 ) 33.Nxe2 Rxd5 34.Ng3 
f4 35.Nxe4 fxe3 36.Nxf6 ) 32...Rd8 ( 32...Kc7 33.Nd5+ Kb7 34.Nxf6 Rxf7 35.
Ne8 Rd8 36.Bxg5 ) 33.Rxd8+ Bxd8 34.Bd5 Kc7 ( 34...g4 {iic7-d6,i f3} ) 35.
Rh1 g4 36.Rd1 Bf6 $2 ( 36...Bh4 ) 37.Bxe4 Bh4 ( 37...fxe4 38.Nxe4 Rf7 39.
Nxf6 Rxf6 40.Bxd4 exd4 41.Rxd4 Rxf2 42.Rxg4 $10 ) 38.Bh1 Ne6 39.Rd5 $2 ( 
39.Bd5 ) 39...f4 40.Rxe5 ( 40.Ba7 f3 41.Rxe5 Nf4 42.Nd5+ Nxd5 43.Rxd5 Re7 
44.Rd1 Re2 45.Rf1 $132 ) 40...fxe3 41.Rxe3 ( 41.Rxe6 exf2 42.Bg2 Rf7 43.
Bf1 g3 44.Nd5+ Kb7 ( 44...Kd7 45.Rxa6 Rf5 46.Ne3 Re5 ) 45.Ne3 Bg5 $10 46.
Ng2 Rh7 ) 41...Nf4 42.Re8 $2 ( 42.Ne4 Re7 43.Rc3+ $10 ) 42...Bxf2 43.Rf8 
Nh3 44.Bg2 Bd4 45.Nd5+ Kd6 46.Ra8 Ra7 47.Rd8+ Ke5 48.Nf6 ( 48.Re8+ Kf5 49.
Rf8+ Kg5 50.Rg8+ Kh4 ) 48...Kxf6 49.Rxd4 Rg7 ( 49...Kf5 50.Bxh3 gxh3 51.
Rh4 ) ( 49...Kg5 $17 ) 50.Rd6+ Ke5 51.Rxa6 Nf4 52.Bf1 ( 52.Bc6 g3 53.Rb6 
Kd6 54.Bf3+ Kc5 55.Rc6+ Kd4 56.Rb6 Rg5 ) ( 52.Ba8 $1 $17 ) 52...g3 53.Rb6 
Ke4 54.Rxb5 Ke3 ( 54...Rh7 55.Rg5 Kf3 56.Bb5 ( 56.Ka2 Rh1 57.Bb5 Rh6 58.
Bf1 Kf2 59.Rg4 Rf6 60.a4 ) 56...Rh6 $19 57.Ka2 g2 ) 55.Rf5 Rh7 56.Rg5 Kf2 
57.Ka2 Rh6 $2 {ii g6} ( 57...Rh1 58.Rf5 Rxf1 59.Rxf4+ Ke2 60.Rg4 Kf3 61.
Rg8 g2 62.b4 ( 62.a4 g1=Q 63.Rxg1 Rxg1 64.Kb3 Ke4 65.Kc4 Rc1+ 66.Kb5 Kd5 
67.b4 Kd6 68.Kb6 Kd7 $19 ) 62...g1=Q 63.Rxg1 Rxg1 64.Kb3 Ke4 $19 ) 58.Rf5 
Rh4 59.Rg5 Rh5 $2 ( 59...Rh1 60.Rf5 Rxf1 61.Rxf4+ Ke2 62.Rg4 Kf3 63.Rg8 g2
64.a4 g1=Q 65.Rxg1 Rxg1 66.Kb3 Ke4 67.Kc4 Rc1+ 68.Kb5 Kd5 69.a5 Kd6 $19 ) 
60.Rg4 Kf3 61.Rg8 Kf2 62.Rg4 Nd5 63.Kb3 Ne3 ( 63...Rh1 64.Ba6 g2 65.Rxg2+ 
Kxg2 66.Bb7 Rh5 67.Kc4 ) 64.Rf4+ Ke1 65.Re4 Kf2 ( 65...Kf2 66.Rf4+ Kg1 67.
Bd3 {68.Be4} ) 1/2-1/2